000 00667nam a22001817a 4500
008 150312b xxu||||| |||| 00| 0 eng d
020 _a1573314560
050 _aQD6.C517 2003
100 _aEarley, J.E.
_916270
245 _aChemical explanation
_bcharacteristics, development, autonomy
_c/by Joseph E. Earley
260 _aNew York
_bNew York academy of sciences
_c2003
300 _axiii, 377p.
_c24cm.
440 _aAnnals of the New York academy of sciences
_nv.988
_916271
650 _aChemistry
_xPhilosophy
_xCongresses
_916272
650 _aBiochemistry
_xPhilosophy
_xCongresses
_916273
650 _aPhilosophy
_xCongresses
_916274
942 _2lcc
_cMONOGRAPH
999 _c122423
_d122423